000 00327nam a2200133Ia 4500
008 191201s2011 xx 000 0 und d
082 _a621.402
_bVAH
100 _aVASANDANI, VP
245 0 _aTreatise on Heat Engineering
250 _aRep
260 _c2011
_bMetropolitan Book
_aNEW DELHI
300 _amics.
942 _2ddc
_cBK
999 _c8009
_d8009